[Event "Mechanics' Fall TNM; 30/90, SD/30"]
[Site "San Francisco"]
[Date "2012.12.04"]
[Round "8.18"]
[White "Allen, Tom"]
[Black "Newey, Richard"]
[Result "1-0"]
[WhiteElo "1504"]
[BlackElo "1704"]
[PlyCount "95"]
[EventDate "2012.??.??"]

1. e4 c5 2. d4 g6 3. dxc5 Qa5+ 4. Nc3 Bg7 5. Bd2 Qxc5 6. Nf3 Nf6 7. Bd3 d6 8.
Be3 Qc7 9. h3 Nc6 10. O-O a6 11. Na4 b5 12. Nb6 Rb8 13. Nxc8 Rxc8 14. c3 O-O
15. Rc1 Nd7 16. Bd4 Nde5 17. Nxe5 Nxe5 18. Be2 Qb7 19. f4 Nc4 20. b3 Nb6 21.
Bxg7 Kxg7 22. Qd4+ Kg8 23. Bf3 Qb8 24. f5 Nd7 25. fxg6 hxg6 26. Bg4 Rc7 27.
Bxd7 Rxd7 28. Rf3 Qa7 29. Kh1 Rc8 30. Qd2 Qb7 31. Qf4 e5 32. Qg4 Qc7 33. h4 Kg7
34. h5 Rh8 35. Rh3 Qd8 36. Rf1 Rc7 37. Rf5 Qd7 38. Qg5 Qe7 39. h6+ Kf8 40. Qxg6
Rg8 41. Qh5 Ke8 42. h7 Rh8 43. Rg3 Qf8 44. Rfg5 Kd7 45. Rg8 Rc8 46. Rxf8 Rcxf8
47. Rg8 Rfxg8 48. Qxf7+ 1-0

[Event "Mechanics' Fall TNM; 30/90, SD/30"]
[Site "San Francisco"]
[Date "2012.10.23"]
[Round "2.29"]
[White "Allen, Tom"]
[Black "Otterbach, Renate"]
[Result "1-0"]
[WhiteElo "1504"]
[BlackElo "761"]
[PlyCount "53"]
[EventDate "2012.??.??"]

1. e4 e6 2. d4 d5 3. Nd2 Nf6 4. e5 Nfd7 5. Bd3 c5 6. c3 Nc6 7. Ne2 Be7 8. Nf3
Nb6 9. O-O Bd7 10. dxc5 Bxc5 11. b4 Be7 12. b5 Na5 13. a4 O-O 14. Qc2 Nbc4 15.
Bxh7+ Kh8 16. Bd3 f5 17. exf6 Bxf6 18. Ng3 Rc8 19. Nh5 Be5 20. Re1 Bc7 21. Bg5
Qe8 22. Bg6 Rf7 23. Nf4 Ne5 24. Bxf7 Nxf7 25. Nxd5 Nxg5 26. Nxg5 Bb6 27. Qh7#
1-0

[Event "Mechanics' Mar TNM; 30/90, SD/30"]
[Site "San Francisco"]
[Date "2012.08.14"]
[Round "3.19"]
[White "Allen, Tom"]
[Black "Poling, Scott"]
[Result "1-0"]
[WhiteElo "1459"]
[BlackElo "1788"]
[PlyCount "54"]
[EventDate "2012.??.??"]

1. e4 e6 2. d4 d5 3. Nd2 Nf6 4. e5 Nfd7 5. Bd3 c5 6. c3 Nc6 7. Ndf3 Qb6 8. Ne2
cxd4 9. cxd4 f6 10. exf6 Nxf6 11. Bc2 Bd6 12. Ba4 O-O 13. Bxc6 bxc6 14. O-O Ba6
15. Re1 Ng4 16. Nc3 e5 17. Na4 Qc7 18. dxe5 Nxe5 19. Nxe5 Bxe5 20. Qh5 Rae8 21.
Bd2 g6 22. Qh4 Qb8 23. Nc5 Qxb2 24. Nd7 Qxd2 25. Nxe5 Rf4 26. Qg3 Ref8 27. Nf3
Be2 $4 1-0

[Event "Mechanics' Summer TNM; 30/90, SD/30"]
[Site "San Francisco"]
[Date "2012.06.12"]
[Round "4.21"]
[White "Allen, Tom"]
[Black "Poling, Scott"]
[Result "1-0"]
[WhiteElo "1450"]
[BlackElo "1780"]
[PlyCount "51"]
[EventDate "2012.??.??"]

1. e4 e6 2. d4 d5 3. Nd2 dxe4 4. Nxe4 Bd7 5. Nf3 Bc6 6. Bd3 Nd7 7. O-O Ngf6 8.
Re1 Nxe4 9. Bxe4 Bxe4 10. Rxe4 Nf6 11. Bg5 Be7 12. Bxf6 Bxf6 13. d5 O-O 14.
dxe6 fxe6 15. Qe2 Qd5 16. Rxe6 Bxb2 17. c4 Qf5 18. Rd1 Bf6 19. Rd5 Qb1+ 20. Rd1
Qf5 21. h3 Rad8 22. Rxd8 Rxd8 23. g4 Qd3 24. Re8+ Kf7 25. Qe6+ Kg6 26. Ne5+ 1-0

[Event "Mechanics' Fall TNM; 30/90, SD/30"]
[Site "San Francisco"]
[Date "2012.11.13"]
[Round "5.21"]
[White "Allen, Tom"]
[Black "Shi, Jason"]
[Result "0-1"]
[WhiteElo "1504"]
[BlackElo "1803"]
[PlyCount "52"]
[EventDate "2012.??.??"]

1. e4 e6 2. d4 d5 3. Nd2 Nc6 4. Ngf3 Nf6 5. e5 Ne4 6. Bb5 Nxd2 7. Bxd2 Bd7 8.
O-O Nxe5 9. Nxe5 Bxb5 10. Re1 Bd6 11. a4 Bxe5 12. Rxe5 Bd7 13. b4 h6 14. b5 a6
15. Qg4 Qf6 16. bxa6 Rxa6 17. a5 c5 18. Rae1 c4 19. Rxd5 Bc6 20. Rf5 h5 21. Qf4
Qg6 22. Qb8+ Ke7 23. Bb4+ Kd7 24. Qd6+ Kc8 25. d5 Qxf5 26. Bc5 Qxd5 0-1

[Event "Mechanics' Summer TNM; 30/90, SD/30"]
[Site "San Francisco"]
[Date "2012.07.10"]
[Round "8.21"]
[White "Allen, Tom"]
[Black "Standen, Julian"]
[Result "0-1"]
[WhiteElo "1450"]
[BlackElo "1637"]
[PlyCount "94"]
[EventDate "2012.??.??"]

1. e4 c6 2. Nc3 d5 3. Nf3 dxe4 4. Nxe4 Bf5 5. Ng3 Bg4 6. Bc4 e6 7. O-O Nf6 8.
h3 Bxf3 9. Qxf3 Be7 10. Re1 O-O 11. d3 Nbd7 12. Bg5 h6 13. Bf4 Nd5 14. Bxd5
cxd5 15. Re2 Nf6 16. Rae1 Bd6 17. Be5 Bxe5 18. Rxe5 Qd7 19. b3 Rac8 20. c4 dxc4
21. dxc4 Rfd8 22. Nf1 Qc6 23. Qe2 Rd4 24. g4 Rcd8 25. Re3 Qd6 26. f3 b6 27. h4
g6 28. Qh2 Kg7 29. Qxd6 R8xd6 30. Kf2 Nd7 31. Ng3 Nc5 32. Kf1 Kf6 33. Ne4+ Nxe4
34. Rxe4 Rxe4 35. Rxe4 Rd1+ 36. Re1 Rxe1+ 37. Kxe1 Ke5 38. Ke2 Kd4 39. Kd2 f5
40. g5 hxg5 41. hxg5 e5 42. a3 e4 43. fxe4 fxe4 44. Ke2 a5 45. b4 axb4 46. axb4
Kxc4 47. Ke3 Kd5 0-1

[Event "Mechanics' Winter TNM; 30/90, SD/30"]
[Site "San Francisco"]
[Date "2012.02.07"]
[Round "6.24"]
[White "Allen, Tom"]
[Black "Starr, Albert"]
[Result "0-1"]
[WhiteElo "1549"]
[BlackElo "1519"]
[PlyCount "94"]
[EventDate "2012.??.??"]

1. e4 e5 2. Nf3 Nf6 3. Nxe5 d6 4. Nxf7 Kxf7 5. d4 Be7 6. Nc3 Re8 7. Bc4+ Be6 8.
d5 Bg4 9. Qd4 Nbd7 10. O-O Ne5 11. Bb3 Qd7 12. f4 Nf3+ 13. gxf3 Bh3 14. e5 Qf5
15. Ne2 Nh5 16. e6+ Kg8 17. Qe4 Qxe4 18. fxe4 Bxf1 19. Kxf1 Bh4 20. Be3 Re7 21.
Kg2 Rf8 22. Rf1 Bf6 23. c3 b6 24. Bd1 g6 25. f5 g5 26. Nd4 Bxd4 27. cxd4 Nf6
28. Bc2 Rg7 29. Kf3 h5 30. Ke2 h4 31. h3 Nh5 32. Kd3 Nf4+ 33. Bxf4 gxf4 34.
Rxf4 Rg3+ 35. Ke2 Rxh3 36. Rf2 Kg7 37. e5 dxe5 38. f6+ Rxf6 39. Rxf6 Kxf6 40.
dxe5+ Ke7 41. Bf5 Rh2+ 42. Kd3 Rxb2 43. Kc4 Rxa2 44. Kb5 Ra5+ 45. Kc6 Rc5+ 46.
Kb7 a5 47. Kc8 Rxd5 0-1

[Event "Mechanics' Fall TNM; 30/90, SD/30"]
[Site "San Francisco"]
[Date "2012.10.16"]
[Round "1.17"]
[White "Anderson, Michael"]
[Black "Bayaraa, Chinguun"]
[Result "1-0"]
[WhiteElo "1923"]
[BlackElo "1329"]
[PlyCount "53"]
[EventDate "2012.??.??"]

1. e4 c5 2. d4 cxd4 3. c3 d6 4. cxd4 Nf6 5. Bd3 g6 6. Ne2 Bg7 7. O-O O-O 8. Be3
Nc6 9. f3 Bd7 10. Nbc3 a6 11. Rc1 Rc8 12. Bb1 b5 13. d5 Ne5 14. b3 Be8 15. Nd4
Rc7 16. h3 Qb8 17. f4 Ned7 18. Nc6 Qb7 19. Nxe7+ Kh8 20. e5 dxe5 21. d6 Rxc3
22. Rxc3 exf4 23. Rc7 Qa8 24. Bxf4 Qb8 25. Qf3 Qb6+ 26. Qe3 Qb8 27. Rfc1 1-0

[Event "Mechanics' Mar TNM; 30/90, SD/30"]
[Site "San Francisco"]
[Date "2012.09.11"]
[Round "7.13"]
[White "Anderson, Michael"]
[Black "Campers, Willie"]
[Result "1-0"]
[WhiteElo "1905"]
[BlackElo "1683"]
[PlyCount "37"]
[EventDate "2012.??.??"]

1. e4 c5 2. d4 cxd4 3. c3 dxc3 4. Nxc3 Nc6 5. Nf3 d6 6. Bc4 e6 7. O-O Nf6 8.
Qe2 Nd7 9. Re1 a6 10. Bf4 Qc7 11. Rac1 Qb8 12. Qd2 e5 13. Ng5 h6 14. Bxf7+ Kd8
15. Nd5 hxg5 16. Bxg5+ Be7 17. Rxc6 Nf6 18. Qa5+ b6 19. Rxb6 1-0

[Event "Mechanics' Summer TNM; 30/90, SD/30"]
[Site "San Francisco"]
[Date "2012.07.03"]
[Round "7.14"]
[White "Anderson, Michael"]
[Black "Dembling, Arthur"]
[Result "1-0"]
[WhiteElo "1900"]
[BlackElo "1708"]
[PlyCount "99"]
[EventDate "2012.??.??"]

1. e4 e6 2. d4 d5 3. exd5 exd5 4. Bd3 Nc6 5. c3 Bd6 6. h3 Nge7 7. Bg5 Be6 8.
Ne2 Qd7 9. Nd2 O-O 10. g4 Rfe8 11. Qc2 Ng6 12. O-O-O a6 13. Rde1 f6 14. Bxg6
hxg6 15. Be3 Bf7 16. Qd3 b5 17. f4 b4 18. c4 dxc4 19. Nxc4 Qe7 20. Bd2 Qe6 21.
b3 a5 22. Nc3 bxc3 23. Rxe6 cxd2+ 24. Qxd2 Bxe6 25. d5 Bb4 26. Qg2 Bf7 27. dxc6
Bxc4 28. bxc4 Rad8 29. Rd1 Ba3+ 30. Kc2 Rb8 31. Rb1 Rxb1 32. Kxb1 Rb8+ 33. Ka1
Rd8 34. Qf3 Bb4 35. a3 Bc5 36. h4 Bd4+ 37. Ka2 Bc5 38. Kb3 Rd2 39. Qc3 Re2 40.
Qxa5 Re3+ 41. Kc2 Bb6 42. Qd5+ Kf8 43. c5 Ba5 44. Qd8+ Kf7 45. Qd5+ Kf8 46. a4
Re2+ 47. Kb3 Rd2 48. Qe4 Kf7 49. Qc4+ Kf8 50. Qb5 1-0

[Event "Mechanics' Fall TNM; 30/90, SD/30"]
[Site "San Francisco"]
[Date "2012.10.30"]
[Round "3.14"]
[White "Anderson, Michael"]
[Black "Donnelly, Parick"]
[Result "1/2-1/2"]
[WhiteElo "1923"]
[BlackElo "1647"]
[PlyCount "110"]
[EventDate "2012.??.??"]

1. e4 c5 2. d4 cxd4 3. c3 dxc3 4. Nxc3 d6 5. Nf3 Nf6 6. Bc4 e6 7. O-O Be7 8.
Qe2 a6 9. Rd1 Qc7 10. Bf4 e5 11. Be3 b5 12. Bb3 Bb7 13. Rac1 Qa5 14. Ng5 O-O
15. Nh3 Nbd7 16. f3 Rac8 17. Nf2 Nc5 18. Bd5 Nxd5 19. Nxd5 Bxd5 20. Rxd5 Qxa2
21. Bxc5 Rxc5 22. Rcxc5 dxc5 23. Rxe5 Bf6 24. Rd5 Qxb2 25. Qxb2 Bxb2 26. Rxc5
Rb8 27. Kf1 Bd4 28. Rd5 Bxf2 29. Kxf2 Kf8 30. Ke2 Ke7 31. Rh5 h6 32. Kd2 Rc8
33. g4 b4 34. Ra5 Rc6 35. h4 b3 36. Ra3 Rb6 37. Kc1 Kd6 38. Ra5 Kc7 39. Kb2 Kb7
40. Rf5 f6 41. g5 Kc7 42. gxh6 gxh6 43. Rh5 Kd6 44. f4 Ke7 45. Rxh6 Rb4 46. e5
f5 47. Rxa6 Rxf4 48. h5 Rh4 49. h6 f4 50. h7 f3 51. Rf6 Rxh7 52. Rxf3 Rh5 53.
Re3 Ke6 54. Kxb3 Rxe5 55. Rxe5+ Kxe5 1/2-1/2

[Event "Mechanics' Spring TNM; 30/90, SD/30"]
[Site "San Francisco"]
[Date "2012.04.17"]
[Round "6.18"]
[White "Anderson, Michael"]
[Black "Flores, David"]
[Result "1-0"]
[WhiteElo "1908"]
[BlackElo "1588"]
[PlyCount "87"]
[EventDate "2012.??.??"]

1. e4 e5 2. Nf3 Nc6 3. Bc4 Nf6 4. Ng5 Bc5 5. O-O O-O 6. Nc3 a6 7. a4 d6 8. h3
Nd4 9. d3 c6 10. Bd2 Rb8 11. a5 d5 12. Ba2 h6 13. Na4 Ba7 14. c3 Ne6 15. Nxe6
Bxe6 16. exd5 cxd5 17. b4 Bf5 18. Be3 d4 19. cxd4 exd4 20. Bf4 Rc8 21. Qf3 Rc6
22. Bxh6 Be6 23. Bg5 Qd6 24. Bxf6 gxf6 25. Qg3+ Qxg3 26. fxg3 Kg7 27. Nb2 Bb8
28. Nc4 Bxg3 29. Bb3 Rg8 30. Rf3 Bh4 31. Raf1 Bg5 32. Rg3 Kf8 33. Ba4 Rxc4 34.
dxc4 Be3+ 35. Kh2 Bxc4 36. Rxg8+ Kxg8 37. Rxf6 Kg7 38. Rb6 Bd5 39. Kg3 d3 40.
Rd6 Be4 41. Bd1 Bg6 42. Bf3 Bd2 43. Rd4 Be3 44. Rc4 {Both players didn't keep
score due to White's time pressure. Black dropped a bishop and subsequently
resigned.} 1-0

[Event "Mechanics' Winter TNM; 30/90, SD/30"]
[Site "San Francisco"]
[Date "2012.01.24"]
[Round "4.15"]
[White "Anderson, Michael"]
[Black "Grey, Peter"]
[Result "1-0"]
[WhiteElo "1900"]
[BlackElo "2000"]
[PlyCount "75"]
[EventDate "2012.??.??"]

1. e4 d5 2. exd5 Qxd5 3. Nc3 Qd6 4. d4 Nf6 5. Nf3 c6 6. Be2 Bg4 7. Be3 Nbd7 8.
Qd2 e6 9. O-O Qc7 10. Rfe1 Bd6 11. h3 Bh5 12. Ng5 Bxe2 13. Rxe2 O-O 14. Nge4
Nxe4 15. Nxe4 Be7 16. Bf4 Qb6 17. c3 Nf6 18. Nxf6+ Bxf6 19. Rae1 Rad8 20. Bg5
Bxg5 21. Qxg5 Rd5 22. Qg4 Qd8 23. Re5 Qf6 24. R1e3 Rxe5 25. dxe5 Qd8 26. Rg3 g6
27. h4 Qd5 28. Qf4 Qxa2 29. h5 Qb1+ 30. Kh2 Qf5 31. Qxf5 exf5 32. Rd3 gxh5 33.
Kg3 Re8 34. Kf4 f6 35. exf6 Re2 36. f3 Rxb2 37. Kxf5 Rb5+ 38. Ke6 1-0

[Event "Mechanics' Summer TNM; 30/90, SD/30"]
[Site "San Francisco"]
[Date "2012.06.05"]
[Round "3.12"]
[White "Anderson, Michael"]
[Black "Jacokes, Brian"]
[Result "1-0"]
[WhiteElo "1900"]
[BlackElo "1576"]
[PlyCount "47"]
[EventDate "2012.??.??"]

1. e4 c5 2. d4 cxd4 3. c3 dxc3 4. Nxc3 Nc6 5. Nf3 e6 6. Bc4 Nge7 7. Bg5 f6 8.
Bh4 Ng6 9. Bg3 a6 10. O-O b5 11. Bb3 Bc5 12. Rc1 Qb6 13. Nd5 exd5 14. Qxd5 Be7
15. Qf7+ Kd8 16. Rfd1 Nge5 17. Nxe5 Nxe5 18. Qxg7 Rf8 19. Kh1 d6 20. f4 Ng4 21.
e5 fxe5 22. fxe5 Rf2 23. exd6 Bf8 24. Bh4+ 1-0

[Event "Mechanics' Mar TNM; 30/90, SD/30"]
[Site "San Francisco"]
[Date "2012.08.14"]
[Round "3.10"]
[White "Anderson, Michael"]
[Black "Lacounte, Brendan"]
[Result "1-0"]
[WhiteElo "1905"]
[BlackElo "1817"]
[PlyCount "45"]
[EventDate "2012.??.??"]

1. e4 c5 2. d4 cxd4 3. c3 d3 4. Bxd3 Nc6 5. f4 Qb6 6. Qe2 e6 7. b4 Nf6 8. Be3
Qc7 9. Nh3 b6 10. O-O Bb7 11. Na3 a6 12. Nc4 b5 13. Bb6 Qc8 14. Ne5 d6 15. Nxf7
Kxf7 16. e5 Nd5 17. Qh5+ Ke7 18. Ng5 Qe8 19. Qh3 Qd7 20. exd6+ Ke8 21. Qh5+ g6
22. Bxg6+ hxg6 23. Qxg6+ 1-0

[Event "Mechanics' Mar TNM; 30/90, SD/30"]
[Site "San Francisco"]
[Date "2012.08.14"]
[Round "3.10"]
[White "Anderson, Michael"]
[Black "Lacounte, Brendan"]
[Result "1-0"]
[WhiteElo "1905"]
[BlackElo "1817"]
[Annotator "Wood,Walter"]
[PlyCount "45"]
[EventDate "2012.??.??"]

1. e4 c5 2. d4 cxd4 3. c3 d3 4. Bxd3 Nc6 5. f4 (5. c4 g6 6. Nc3 Bg7 7. Nge2 Nf6
8. Bf4 d6 9. Qd2 O-O 10. O-O-O Ng4 11. Ng3 Nce5 12. Bf1 Be6 13. f3 Nf6 14. Bxe5
dxe5 15. Qxd8 Rfxd8 16. Nd5 Kf8 17. a4 Rac8 18. Nxf6 Bh6+ 19. Kc2 Rxd1 20. Kxd1
exf6 21. b3 Rd8+ 22. Kc2 Rd2+ 23. Kc3 Ra2 24. Be2 Bd2+ 25. Kd3 Bb4 26. Bd1 Rd2+
27. Ke3 Rxg2 28. Ne2 f5 29. f4 Bc5+ 30. Kf3 Rf2+ 31. Kg3 fxe4 32. fxe5 Rf3+ {
0-1 Friedman,E (2290)-De Firmian,N (2580)/Chicago 1994/EXT 1997}) 5... Qb6 (
5... g6 6. Nf3 Bg7 7. O-O d6 8. Be3 Nf6 9. Kh1 O-O 10. Nbd2 Rb8 11. Qe1 Bd7 12.
Rd1 b5 13. Qh4 Ng4 14. Bg1 b4 15. h3 Nf6 16. e5 Nh5 17. Ng5 e6 18. g4 h6 19.
Nde4 Nxf4 20. Rxf4 Nxe5 21. Bc2 Bc6 22. Nf3 Qxh4 23. Nxh4 bxc3 24. b3 g5 25.
Rff1 gxh4 26. Kh2 Bxe4 27. Bxe4 d5 28. Bc2 a5 29. a4 Nc6 30. Bc5 Rfc8 {
0-1 Wustefeld,C (2202)-Hodgson,J (2605)/Kilkenny 1999/CBM 073 ext}) (5... d5 6.
e5 Nh6 7. Nf3 Bf5 8. Bxf5 Nxf5 9. g4 Nh6 10. h3 e6 11. Be3 f6 12. exf6 gxf6 13.
Qe2 Qd6 14. Nbd2 O-O-O 15. O-O-O Qc7 16. Nd4 Re8 17. Nxc6 bxc6 18. Qa6+ Kb8 19.
Nb3 Bd6 20. Rd4 c5 21. Ra4 Nf7 22. Nxc5 Bxc5 23. Bxc5 Qxc5 24. Rb4+ Kc7 25.
Rb7+ Kd8 26. Rxf7 Re7 27. Rxe7 Qe3+ 28. Kc2 Kxe7 29. Qb7+ Kd6 30. Qb4+ Qc5 31.
Qxc5+ Kxc5 32. Re1 Kd6 33. Kd3 Rg8 34. c4 h5 35. cxd5 Kxd5 {
1-0 Bozic,M (2435)-Medar,Z (2191)/Belgrade SRB 2007/The Week in Chess 682}) 6.
Qe2 e6 7. b4 Nf6 8. Be3 Qc7 9. Nh3 (9. Nf3 Ng4 10. Bd2 $14) 9... b6 (9... d6)
10. O-O Bb7 11. Na3 a6 12. Nc4 b5 13. Bb6 (13. Nb6 Rb8 14. e5 $16) 13... Qc8 (
13... Qb8) 14. Ne5 (14. Nd2) 14... d6 $2 (14... h6) 15. Nxf7 Kxf7 16. e5 Nd5
17. Qh5+ (17. Ng5+ Ke7 18. exd6+ Kxd6 19. Nf7+ Ke7 20. Nxh8 Nxb6 21. Bxh7)
17... Ke7 18. Ng5 Qe8 19. Qh3 (19. Qg4) 19... Qd7 $2 (19... Bc8 $1 $11) 20.
exd6+ Ke8 (20... Kxd6 21. Rad1 Nxb6 22. Bf5+) 21. Qh5+ g6 22. Bxg6+ hxg6 23.
Qxg6+ 1-0

[Event "Mechanics' Mar TNM; 30/90, SD/30"]
[Site "San Francisco"]
[Date "2012.09.25"]
[Round "9.9"]
[White "Anderson, Michael"]
[Black "Mandrusov, George"]
[Result "1/2-1/2"]
[WhiteElo "1905"]
[BlackElo "2018"]
[PlyCount "77"]
[EventDate "2012.??.??"]

1. e4 e5 2. Nf3 Nf6 3. Nxe5 d6 4. Nf3 Nxe4 5. d4 d5 6. Bd3 Bg4 7. O-O Bd6 8. c4
c6 9. Nc3 Nxc3 10. bxc3 O-O 11. Rb1 b6 12. Re1 Nd7 13. cxd5 cxd5 14. Rb5 Nf6
15. Bg5 a6 16. Rb3 b5 17. Qe2 Qc7 18. Bxf6 Bxh2+ 19. Kh1 gxf6 20. Bxh7+ Kg7 21.
Qd3 Rae8 22. Rbb1 Bf4 23. Rxe8 Rxe8 24. Bf5 Rh8+ 25. Kg1 Bxf3 26. Qxf3 Bd2 27.
g3 Qxc3 28. Qxd5 Rh5 29. Kg2 Qc2 30. Qxf7+ Kxf7 31. Bxc2 Ke7 32. Rd1 Bb4 33.
Be4 Rh8 34. Rc1 Rd8 35. d5 Rd6 36. Rc7+ Rd7 37. Rc6 Rd6 38. Rc7+ Rd7 39. Rc6
1/2-1/2

[Event "Mechanics' Mar TNM; 30/90, SD/30"]
[Site "San Francisco"]
[Date "2012.07.31"]
[Round "1.14"]
[White "Anderson, Michael"]
[Black "Olson, David"]
[Result "1-0"]
[WhiteElo "1905"]
[BlackElo "1400"]
[PlyCount "51"]
[EventDate "2012.??.??"]

1. e4 e5 2. Nf3 Bc5 3. Bc4 Qf6 4. Nc3 c6 5. O-O b5 6. Bb3 Ne7 7. d3 h6 8. Be3
d6 9. d4 Bb6 10. dxe5 dxe5 11. Bxb6 axb6 12. Qd2 Bg4 13. Ne1 Na6 14. f3 Be6 15.
Rd1 O-O 16. Nd3 Rad8 17. Qf2 c5 18. Bxe6 Qxe6 19. Nxb5 f5 20. Nc3 fxe4 21. Nxe4
g5 22. Rfe1 g4 23. Qg3 h5 24. fxg4 hxg4 25. Qxe5 Qf7 26. Ng5 1-0

[Event "Mechanics' Spring TNM; 30/90, SD/30"]
[Site "San Francisco"]
[Date "2012.04.03"]
[Round "4.14"]
[White "Anderson, Michael"]
[Black "Persidsky, Andre"]
[Result "1-0"]
[WhiteElo "1908"]
[BlackElo "1795"]
[PlyCount "49"]
[EventDate "2012.??.??"]

1. e4 c5 2. d4 cxd4 3. c3 dxc3 4. Nxc3 Nc6 5. Nf3 d6 6. Bc4 Nf6 7. e5 dxe5 8.
Qxd8+ Nxd8 9. Nb5 Rb8 10. Nxe5 e6 11. Nc7+ Ke7 12. Be3 b6 13. O-O-O Nd7 14. Bf4
Nxe5 15. Bxe5 Nc6 16. Bd6+ Kd7 17. Nb5 Bxd6 18. Rxd6+ Ke7 19. Rxc6 a6 20. Rc7+
Bd7 21. Rd1 Rhd8 22. Nc3 b5 23. Be2 Rbc8 24. Rxc8 Rxc8 25. Kb1 1-0

[Event "Mechanics' Spring TNM; 30/90, SD/30"]
[Site "San Francisco"]
[Date "2012.03.20"]
[Round "2.14"]
[White "Anderson, Michael"]
[Black "Standen, Julian"]
[Result "1-0"]
[WhiteElo "1908"]
[BlackElo "1600"]
[PlyCount "37"]
[EventDate "2012.??.??"]

1. e4 c6 2. d4 d5 3. exd5 cxd5 4. Bd3 Nf6 5. h3 Nc6 6. Nf3 g6 7. c3 Bg7 8. O-O
O-O 9. Re1 Re8 10. Bf4 Bf5 11. Bxf5 gxf5 12. Nh4 e6 13. Nd2 Ne4 14. Qh5 Nxd2
15. Bxd2 Ne7 16. Bg5 Qc7 17. Re3 Ng6 18. Rae1 Kh8 $4 19. Nxf5 1-0

[Event "Mechanics' Summer TNM; 30/90, SD/30"]
[Site "San Francisco"]
[Date "2012.06.26"]
[Round "6.16"]
[White "Anderson, Michael"]
[Black "Standen, Julian"]
[Result "1/2-1/2"]
[WhiteElo "1900"]
[BlackElo "1637"]
[PlyCount "58"]
[EventDate "2012.??.??"]

1. e4 c6 2. g3 d5 3. exd5 Qxd5 4. Qf3 Nf6 5. Nc3 Qxf3 6. Nxf3 Bf5 7. d3 h6 8.
Bg2 e6 9. O-O Bd6 10. Nd4 Bg6 11. Ndb5 Kd7 12. Nxd6 Kxd6 13. Ne4+ Nxe4 14. dxe4
Nd7 15. f4 f6 16. Be3 Rhd8 17. Rad1+ Kc7 18. h3 e5 19. f5 Bf7 20. Kf2 Nf8 21.
Ke2 a5 22. g4 Rd6 23. c4 c5 24. a4 Rad8 25. Bf3 Rxd1 26. Rxd1 Rd6 27. Rd3 Nd7
28. h4 Nb8 29. Rxd6 Kxd6 1/2-1/2

[Event "Mechanics' Winter TNM; 30/90, SD/30"]
[Site "San Francisco"]
[Date "2012.01.03"]
[Round "1.9"]
[White "Anderson, Michael"]
[Black "Starr, Albert"]
[Result "1-0"]
[WhiteElo "1900"]
[BlackElo "1519"]
[PlyCount "81"]
[EventDate "2012.??.??"]

1. e4 e5 2. Nf3 Nf6 3. Nxe5 d6 4. Nf3 Nxe4 5. d4 Be7 6. Bd3 Ng5 7. Nxg5 Bxg5 8.
Qe2+ Be7 9. Bg5 Nc6 10. c3 Be6 11. Bxe7 Qxe7 12. O-O O-O-O 13. Nd2 Bd7 14. Qf3
f6 15. Rfe1 Qf7 16. Bc4 Qg6 17. b4 Rde8 18. Rxe8+ Rxe8 19. Nb3 b6 20. b5 Nb8
21. Qa8 Qe4 22. Qxa7 d5 23. Bf1 Bf5 24. Qa3 g5 25. Qc1 h5 26. c4 h4 27. c5 Qc2
28. cxb6 Re7 29. bxc7 Rxc7 30. Nc5 Qxc1 31. Rxc1 Nd7 32. Bd3 Bxd3 33. Nxd3 Nb6
34. Kf1 Rc4 35. Ke2 Kb8 36. Rxc4 dxc4 37. Nb4 f5 38. Kd2 g4 39. Ke3 Na4 40. Kf4
c3 41. Kxf5 1-0

[Event "Mechanics' Mar TNM; 30/90, SD/30"]
[Site "San Francisco"]
[Date "2012.09.04"]
[Round "6.7"]
[White "Anderson, Michael"]
[Black "Traub, Igor"]
[Result "0-1"]
[WhiteElo "1905"]
[BlackElo "2135"]
[PlyCount "100"]
[EventDate "2012.??.??"]

1. e4 e6 2. d4 d5 3. Nc3 Nf6 4. Bg5 Be7 5. e5 Nfd7 6. Bxe7 Qxe7 7. f4 a6 8. Nf3
c5 9. dxc5 Nc6 10. Qd2 Qxc5 11. Bd3 b5 12. O-O-O Nb6 13. Rhe1 Nc4 14. Bxc4 Qxc4
15. Kb1 O-O 16. Nd4 Nxd4 17. Qxd4 Qxd4 18. Rxd4 f6 19. g3 Bd7 20. f5 fxe5 21.
Rxe5 Rae8 22. fxe6 Rf1+ 23. Rd1 Rxd1+ 24. Nxd1 Rxe6 25. Rxe6 Bxe6 26. b4 Kf7
27. c3 Kf6 28. a3 Ke5 29. Nf2 d4 30. Kc2 Bf5+ 31. Kd2 Kd5 32. g4 Bg6 33. h4 h6
34. Nh3 dxc3+ 35. Kxc3 Ke4 36. h5 Be8 37. Nf2+ Kf3 38. Nd3 Kxg4 39. Nc5 Kxh5
40. Nxa6 g5 41. Nc7 Bc6 42. Kd4 g4 43. Ne6 g3 44. Ke3 Kg4 45. Nd4 Bd7 46. a4
bxa4 47. b5 a3 48. b6 g2 49. Kf2 a2 50. b7 g1=Q+ 0-1

[Event "Mechanics' Fall TNM; 30/90, SD/30"]
[Site "San Francisco"]
[Date "2012.10.16"]
[Round "1.15"]
[White "Andries, Craig"]
[Black "Brown, Nicholas"]
[Result "1-0"]
[WhiteElo "1953"]
[BlackElo "1457"]
[PlyCount "47"]
[EventDate "2012.??.??"]

1. g3 d5 2. Bg2 Nf6 3. d3 e5 4. Nd2 Be7 5. Ngf3 Nbd7 6. O-O O-O 7. e4 c6 8. Nh4
Nb6 9. a4 Be6 10. b3 Nbd7 11. Qe2 a5 12. Bb2 Bc5 13. exd5 cxd5 14. Bxe5 Ng4 15.
Bb2 Qb6 16. h3 Nxf2 17. Rxf2 Bxf2+ 18. Qxf2 Qc7 19. Rc1 Rac8 20. Ndf3 Nc5 21.
Ng5 Qd7 22. Qd4 f6 23. Nxe6 Qxe6 24. Bxd5 1-0

[Event "Mechanics' Spring TNM; 30/90, SD/30"]
[Site "San Francisco"]
[Date "2012.04.24"]
[Round "7.16"]
[White "Andries, Craig"]
[Black "Chadwick, Richard"]
[Result "1/2-1/2"]
[WhiteElo "1950"]
[BlackElo "1600"]
[PlyCount "84"]
[EventDate "2012.??.??"]

1. e4 e5 2. d3 Nf6 3. Nf3 d6 4. Be2 Be7 5. O-O O-O 6. Nc3 Be6 7. Ng5 Qd7 8.
Nxe6 fxe6 9. f4 exf4 10. Bxf4 e5 11. Bg5 c6 12. Qe1 Na6 13. Qg3 Nc7 14. Rf2 Kh8
15. Raf1 Nce8 16. Kh1 Qe6 17. Bg4 Qg8 18. Bf5 g6 19. Bh3 Nh5 20. Qh4 Rxf2 21.
Rxf2 Bxg5 22. Qxg5 Nf4 23. Bg4 Qg7 24. Bd1 Nf6 25. Qg3 Rf8 26. Qe3 b6 27. h3
Ne6 28. Ne2 Nh5 29. g3 Rxf2 30. Qxf2 Qf6 31. Kg2 Kg7 32. Qxf6+ Kxf6 33. c3 c5
34. Nc1 Nhg7 35. Nb3 Ne8 36. Nd2 Ke7 37. Nc4 Nf6 38. Ne3 Ng7 39. Bb3 Nfe8 40.
Kf3 h6 41. Ng2 g5 42. Ne3 Nf6 1/2-1/2

[Event "Mechanics' Fall TNM; 30/90, SD/30"]
[Site "San Francisco"]
[Date "2012.11.13"]
[Round "5.9"]
[White "Andries, Craig"]
[Black "Delaney, Will"]
[Result "1-0"]
[WhiteElo "1953"]
[BlackElo "1800"]
[PlyCount "85"]
[EventDate "2012.??.??"]

1. Nf3 Nf6 2. g3 d5 3. d3 c5 4. Bg2 Nc6 5. Nbd2 e5 6. e4 Be7 7. O-O O-O 8. Re1
d4 9. h3 h6 10. Nf1 Be6 11. g4 Ne8 12. Ng3 Nd6 13. Bd2 f6 14. Nh4 Qe8 15. Kh2
Bd8 16. Nhf5 Bc7 17. Qc1 Nxf5 18. exf5 Bd7 19. Kg1 Rb8 20. Ne4 Qe7 21. Ng3 b5
22. Nh5 Kh7 23. Nf4 Be8 24. Ng6 Qd6 25. Nxf8+ Qxf8 26. Be4 Qd6 27. a4 b4 28. b3
a5 29. Qd1 Ne7 30. Qf3 Rd8 31. h4 Nd5 32. Kg2 Bf7 33. g5 hxg5 34. hxg5 fxg5 35.
Bxg5 Nf6 36. Rh1+ Kg8 37. Rh2 Bd5 38. Rah1 Kf7 39. Bxf6 Bxe4 40. Qxe4 Qxf6 41.
Rh5 Ke7 42. R1h3 Rf8 43. Rg3 1-0

[Event "Mechanics' Mar TNM; 30/90, SD/30"]
[Site "San Francisco"]
[Date "2012.08.28"]
[Round "5.13"]
[White "Andries, Craig"]
[Black "Delaney, Will"]
[Result "1-0"]
[WhiteElo "1919"]
[BlackElo "1800"]
[PlyCount "55"]
[EventDate "2012.??.??"]

1. g3 Nf6 2. d3 d5 3. Nd2 e5 4. Bg2 c6 5. e4 Bc5 6. Qe2 O-O 7. Ngf3 Ng4 8. O-O
f5 9. Nb3 Bb6 10. exd5 cxd5 11. h3 Nxf2 12. Rxf2 Bxf2+ 13. Qxf2 e4 14. Ne5 Nc6
15. Nxc6 bxc6 16. Qc5 Qf6 17. Be3 g5 18. Bd4 Qe6 19. Bc3 Qg6 20. Qd4 h5 21.
dxe4 dxe4 22. Rf1 Be6 23. Bxe4 Rfd8 24. Qh8+ Kf7 25. Qe5 Rd5 26. Bxd5 cxd5 27.
Nd4 Re8 28. Nxf5 1-0